| 000 | 01598cam a22003977a 4500 | ||
|---|---|---|---|
| 003 | CHAP | ||
| 005 | 20220329142311.0 | ||
| 008 | 000524d2000 mx r 00110 spa d | ||
| 010 | _a81278 | ||
| 011 | _a82250 | ||
| 035 | _a92739 | ||
| 040 | _cCHAP | ||
| 090 | _aTesis | ||
| 100 | 0 | 0 |
_aCortez Villa, Luis Jaime. _928308 |
| 245 | 1 | 0 |
_aProducción de materia seca y contenido de proteína cruda, paredes celulares y cenizas en hojas y tallos tiernos de ocho especies arbustivas forrajeras del sur de Sinaloa _c/por Luis Jaime Cortez Villa y Francisco Hernández Margarito |
| 260 |
_aChapingo, Méx. : _bEl autor, _c2000. |
||
| 300 |
_a72 h. : _bgráfs. ; cuadros |
||
| 502 | _aTesis (Ing. Agr. Esp. en Zootecnia) -- UACH. Departamento de Zootecnia | ||
| 590 |
_aALEPH _b10 _c20130110 _lUCH01 _h1435 |
||
| 590 |
_aBATCH-UPD _b10 _c20130110 _lUCH01 _h0750 |
||
| 590 |
_aBATCH-UPD _b10 _c20130110 _lUCH01 _h2354 |
||
| 590 |
_aBATCH-UPD _b10 _c20130410 _lUCH01 _h0430 |
||
| 590 |
_aBATCH-UPD _b10 _c20130914 _lUCH01 _h0247 |
||
| 590 |
_aBATCH-UPD _b10 _c20130914 _lUCH01 _h2146 |
||
| 590 |
_aCONVERSION _b10 _c20130109 _lUCH01 _h1345 |
||
| 650 | 4 |
_aAlimentos y alimentacion del ganado _xAnalisis. _94327 |
|
| 650 | 1 | 4 |
_aAlimentos y alimentación del ganado _xValor nutritivo. _94347 |
| 650 | 1 | 4 |
_aArbustos como forraje. _96754 |
| 650 | 1 | 4 |
_aForrajes _xSinaloa. _942595 |
| 700 | 0 |
_aHernández Margarito, Francisco. _954275 |
|
| 901 | _aBK | ||
| 905 | _aGuadalupe Pinto C. | ||
| 942 | _cFOLL | ||
| 949 |
_bBC _cTES _d33724000774899 _eTS2 _fc.2 _h36309 _i92739 _sb |
||
| 949 |
_bBC _cTES _d927391 _eTS1 _h36308 _i92739 _sb |
||
| 999 |
_c81278 _d81278 |
||